000 00531nam a2200169 i 4500
001 41139
003 ES-MaACL
005 20230906160359.0
007 t|
008 030310s1899 sp ||||1| spa d
100 1 _aCascajares y Azara, Antonio María.
_936264
245 1 0 _aMensajes y noticia histórica /
_cCardenal Cascajares.
260 _aBurgos :
_bPolo,
_c1899.
500 _aPrecede al tít.: Congreso Católico de Burgos.
711 2 _aCongreso Católico de Burgos (
_d1899.
_cBurgos)
_9287
852 _aES-MaACL
_jT-919-F-5
999 _c41139
_d41139